000 00337nam a22001457a 4500
008 210303b ||||| |||| 00| 0 eng d
020 _a9780781722728
041 _aeng
080 _23rd
_a616.8-006
082 _a616.8-006
100 _a6
101 _aKAN
245 _aBiologic Therapy of Cancer
_cRosenberg, S. A
942 _2udc
_cBK
999 _c55634
_d55634